000
00247nam a2200097Ia 4500
008
190216s9999||||xx |||||||||||||| ||und||
100
_a
Kesav Narayan Shukla
245
0
_a
Hindi-Adhunik Kavya Dhara
260
_b
Mac Millian And Com. Ltd
942
_c
BK
999
_c
17006
_d
17006